|
|
|
|
| LEADER |
00000nab a2200000 a 4500 |
| 001 |
vtls008773118 |
| 003 |
SK-MaSNL |
| 005 |
20260304143600.0 |
| 008 |
250505c2006 xo mr|p|||||||000 b|slo |
| 015 |
|
|
|a SNBRB2006/06
|
| 035 |
|
|
|a (uuid)24a92648-ef8d-44b2-916c-c1757f53d51a
|
| 035 |
|
|
|a urn:nbn:sk:snk-ab2a21
|
| 035 |
|
|
|a (urnnbn)urn:nbn:sk:snk:ar-a020db
|
| 038 |
|
|
|a SNKBUCL
|
| 040 |
|
|
|a SNKBUCL
|b slo
|c SNKBUCL
|e AACR2
|
| 041 |
0 |
|
|a cze
|
| 044 |
|
|
|a xo
|c SK
|
| 080 |
|
|
|a 339.137.2
|2 1997
|
| 100 |
1 |
|
|a Klanicová, Magda
|4 aut
|9 1464580
|
| 245 |
1 |
0 |
|a Návrh právní úpravy veřejných zákazek (verejne obstarávaní)
|c Magda Klanicová
|
| 504 |
|
|
|a Bibliogr. odkazy
|
| 650 |
0 |
7 |
|a verejné obstarávanie
|2 snkbucl
|9 4221
|
| 773 |
0 |
|
|t Právny obzor
|g Roč. 89, č.2 (2006), s. 205-210
|x 0032-6984
|
| 850 |
|
|
|a Slovenská národná knižnica
|
| 852 |
|
|
|a Slovenská národná knižnica
|
| 958 |
|
|
|a article27
|
| 958 |
|
|
|a NB
|
| 958 |
|
|
|a SK
|
| 958 |
|
|
|a OND
|
| 958 |
|
|
|a EUIPO
|
| 999 |
|
|
|c 2926288
|d 2928218
|